000 00223nam a2200085Ia 4500
942 _cBK
245 0 _aTHERE'S A POET BEHIND YOU
100 _aEDITED BY MORAG STYLES AND HELEN COOK
008 210804s9999 xx 000 0 und d
999 _c39928
_d39927